[Event "ESP-ch (Women)"]
[Site "Linares"]
[Date "2013.08.21"]
[Round "5"]
[White "Vega Gutierrez, Belinda Vidina"]
[Black "Cerrato Torrijos, Maria"]
[Result "1/2-1/2"]
[WhiteElo "2148"]
[BlackElo "2148"]
[PlyCount "164"]
[EventDate "2013.08.19"]
[EventType "swiss"]
[EventRounds "9"]
[EventCountry "ESP"]
[SourceTitle "CBM 156 Extra"]
[Source "ChessBase"]
[SourceDate "2013.10.22"]
[SourceVersion "1"]
[SourceVersionDate "2013.10.22"]
[SourceQuality "1"]

1. e4 c5 2. Nf3 d6 3. d4 cxd4 4. Nxd4 Nf6 5. Nc3 g6 6. Be3 Bg7 7. f3 0-0 8. Qd2 Nc6 9. Bc4 Nxd4 10. Bxd4 Be6 11. Nd5 Bxd5 12. exd5 a6 13. a4 Rc8 14. Bb3 Nd7 15. Bxg7 Kxg7 16. a5 Nc5 17. Bc4 Qc7 18. b3 e5 19. 0-0 f5 20. Be2 Nd7 21. c4 Nf6 22. b4 Qe7 23. Rfc1 e4 24. Qd4 Kg8 25. c5 Nh5 26. Qe3 Nf6 27. Bc4 Qe5 28. f4 Qe7 29. c6 Kg7 30. Bb3 Rc7 31. Rc2 Rb8 32. Qd4 h5 33. Rac1 Kh6 34. h3 h4 35. Ba4 Nh5 36. Qd2 Ng3 37. b5 axb5 38. Bxb5 bxc6 39. Bxc6 Rb3 40. Qd4 Kh7 41. a6 e3 42. Re1 e2 43. Qf2 Ra3 44. Rcxe2 Nxe2+ 45. Rxe2 Ra1+ 46. Kh2 Qf6 47. Qb6 Re7 48. Qd8 Rh1+ 49. Kxh1 Qa1+ 50. Kh2 Rxe2 51. Qxh4+ Kg7 52. Bb7 Re1 53. Qf2 Rh1+ 54. Kg3 Qc3+ 55. Qf3 Qxf3+ 56. Kxf3 Ra1 57. Ke3 Kf6 58. g4 Ke7 59. gxf5 gxf5 60. Bc8 Ra3+ 61. Kd4 Ra4+ 62. Kc3 Kd8 63. Bxf5 Rxa6 64. Kd4 Ra4+ 65. Ke3 Ke7 66. h4 Kf6 67. Be6 Ra3+ 68. Ke4 Ra1 69. h5 Rh1 70. Bg4 Re1+ 71. Kf3 Rf1+ 72. Kg3 Rg1+ 73. Kf3 Rf1+ 74. Ke3 Re1+ 75. Kf2 Ra1 76. Bd7 Rd1 77. Be6 Rh1 78. Bg4 Ra1 79. Kg3 Rg1+ 80. Kh4 Rf1 81. Kg3 Rg1+ 82. Kf3 Rf1+ 1/2-1/2

[Event "Madrid-ch U18"]
[Site "Madrid"]
[Date "2013.01.04"]
[Round "7"]
[White "Cerrato Torrijos, Maria"]
[Black "Gutierrez Mordini, Pablo"]
[Result "1-0"]
[WhiteElo "2124"]
[BlackElo "1702"]
[PlyCount "49"]
[EventDate "2012.12.26"]
[EventType "swiss"]
[EventRounds "7"]
[EventCountry "ESP"]
[SourceTitle "EXT 2014"]
[Source "ChessBase"]
[SourceDate "2013.11.20"]
[SourceVersion "1"]
[SourceVersionDate "2013.11.20"]
[SourceQuality "1"]

1. e4 e5 2. Bc4 Nc6 3. Nf3 Nf6 4. d3 Bc5 5. c3 0-0 6. 0-0 d6 7. Bb3 Bb6 8. Nbd2 Bg4 9. h3 Be6 10. Nc4 Bxc4 11. Bxc4 Na5 12. Bb5 Nd7 13. b4 Nc6 14. Bc4 a5 15. b5 Ne7 16. a4 h6 17. Nh4 Kh7 18. Qf3 Ng6 19. Nf5 Nh4 20. Nxh4 Qxh4 21. Qf5+ g6 22. Qxd7 h5 23. Bxf7 Rad8 24. Qe6 Qg3 25. d4 1-0

[Event "Madrid-ch U18"]
[Site "Madrid"]
[Date "2013.01.03"]
[Round "6"]
[White "Monge Gilgado, Eva Maria"]
[Black "Cerrato Torrijos, Maria"]
[Result "1/2-1/2"]
[WhiteElo "1851"]
[BlackElo "2124"]
[PlyCount "65"]
[EventDate "2012.12.26"]
[EventType "swiss"]
[EventRounds "7"]
[EventCountry "ESP"]
[SourceTitle "EXT 2014"]
[Source "ChessBase"]
[SourceDate "2013.11.20"]
[SourceVersion "1"]
[SourceVersionDate "2013.11.20"]
[SourceQuality "1"]

1. e4 c5 2. Nc3 Nc6 3. g3 g6 4. Bg2 Bg7 5. d3 d6 6. f4 Nf6 7. Nf3 Nd4 8. h3 Bd7 9. 0-0 Bc6 10. Nxd4 cxd4 11. Ne2 Nd7 12. c4 dxc3 13. Nxc3 b5 14. d4 b4 15. Ne2 0-0 16. Be3 Nb6 17. Rc1 Bb5 18. b3 a5 19. e5 Ra6 20. Rc2 Qb8 21. Qc1 Rc8 22. Rxc8+ Nxc8 23. Qc2 a4 24. Rc1 Na7 25. Kf2 axb3 26. axb3 dxe5 27. dxe5 Bc6 28. Qc4 Qb7 29. Bxa7 Qxa7+ 30. Qc5 Bxg2 31. Qxa7 Rxa7 32. Rc8+ Bf8 33. Kxg2 1/2-1/2

[Event "San Sebastian de los Reyes op 14th"]
[Site "San Sebastian"]
[Date "2012.12.08"]
[Round "8"]
[White "Garcia Ruiz Fuentes, Angel Marcos"]
[Black "Cerrato Torrijos, Maria"]
[Result "0-1"]
[WhiteElo "1968"]
[BlackElo "2124"]
[PlyCount "72"]
[EventDate "2012.12.01"]
[EventType "swiss"]
[EventRounds "9"]
[EventCountry "ESP"]
[SourceTitle "CBM 151 Extra"]
[Source "ChessBase"]
[SourceDate "2012.12.18"]
[SourceVersion "1"]
[SourceVersionDate "2012.12.18"]
[SourceQuality "1"]

1. e4 c5 2. Nf3 d6 3. d4 cxd4 4. Nxd4 Nf6 5. Nc3 g6 6. Be2 Bg7 7. Be3 Nc6 8. Nb3 0-0 9. f4 a5 10. a4 Be6 11. Bf3 Bc4 12. Qd2 Rc8 13. Rd1 Nd7 14. Nd4 Nb4 15. Be2 Nb6 16. Ndb5 Bxe2 17. Qxe2 Nc4 18. Bc1 Qe8 19. 0-0 Nb6 20. Be3 Nd7 21. Bd4 Nc5 22. Bxg7 Kxg7 23. e5 dxe5 24. Qxe5+ f6 25. Qe2 Nxa4 26. Ra1 Nxc3 27. bxc3 Nc6 28. f5 Qf7 29. Rfe1 Rfd8 30. Nd4 Nxd4 31. cxd4 Rxd4 32. Rxa5 Rc7 33. Rb5 Rdc4 34. fxg6 hxg6 35. Rb2 Qd5 36. h3 Qd4+ 0-1

[Event "San Sebastian de los Reyes op 14th"]
[Site "San Sebastian"]
[Date "2012.12.03"]
[Round "3"]
[White "Cerrato Torrijos, Maria"]
[Black "Infante Martin, Alonso"]
[Result "1-0"]
[WhiteElo "2124"]
[BlackElo "1495"]
[PlyCount "86"]
[EventDate "2012.12.01"]
[EventType "swiss"]
[EventRounds "9"]
[EventCountry "ESP"]
[SourceTitle "CBM 151 Extra"]
[Source "ChessBase"]
[SourceDate "2012.12.18"]
[SourceVersion "1"]
[SourceVersionDate "2012.12.18"]
[SourceQuality "1"]

1. e4 e5 2. Nf3 Nc6 3. Bc4 Bc5 4. c3 Bb6 5. d4 Qe7 6. 0-0 d6 7. a4 a6 8. d5 Nb8 9. a5 Ba7 10. Nbd2 Nf6 11. Re1 0-0 12. Nf1 Nbd7 13. Ng3 g6 14. Bg5 Kh8 15. h3 Qe8 16. Bh6 Rg8 17. Qd2 b5 18. axb6 Bxb6 19. Qg5 Nh5 20. Nxh5 gxh5 21. Qxh5 Rg6 22. Nh4 Rg8 23. Nf5 Nf6 24. Qh4 Rg6 25. Bg7+ Rxg7 26. Nxg7 Qg8 27. Qxf6 Qxg7 28. Qxg7+ Kxg7 29. b4 a5 30. Ra3 Bb7 31. Rea1 Rf8 32. bxa5 Ba7 33. a6 Bc8 34. Bd3 f5 35. exf5 Bxf5 36. Bxf5 Rxf5 37. R1a2 e4 38. c4 Re5 39. Re2 h5 40. Rb3 Bb6 41. Rxb6 cxb6 42. a7 Re8 43. Rxe4 Rxe4 1-0

[Event "Madrid Chamartin op 1st"]
[Site "Madrid"]
[Date "2012.09.13"]
[Round "7"]
[White "Garcia Sanz, Eduardo"]
[Black "Cerrato Torrijos, Maria"]
[Result "1/2-1/2"]
[WhiteElo "1988"]
[BlackElo "2120"]
[PlyCount "153"]
[EventDate "2012.09.09"]
[EventType "swiss"]
[EventRounds "9"]
[EventCountry "ESP"]
[SourceTitle "CBM 150 Extra"]
[Source "ChessBase"]
[SourceDate "2012.10.19"]
[SourceVersion "1"]
[SourceVersionDate "2012.10.19"]
[SourceQuality "1"]

1. e4 c5 2. Nf3 d6 3. d4 cxd4 4. Nxd4 Nf6 5. Nc3 g6 6. Bc4 Bg7 7. f3 Nc6 8. Be3 0-0 9. Qd2 Nxd4 10. Bxd4 Be6 11. Nd5 Bxd5 12. exd5 a6 13. 0-0 b5 14. Bb3 Nd7 15. Bxg7 Kxg7 16. Qd4+ Kg8 17. Rfe1 Nc5 18. c3 Re8 19. Re2 Qc7 20. Rae1 Nxb3 21. axb3 Qa7 22. Qxa7 Rxa7 23. Re4 Kf8 24. Rh4 Kg7 25. Rd4 Rc8 26. Kf2 a5 27. Ra1 Ra6 28. Re1 Rc7 29. Rde4 Kf8 30. Ra1 h5 31. Ke3 Ke8 32. Kd3 Raa7 33. Rh4 e6 34. dxe6 fxe6 35. Re1 Re7 36. g4 hxg4 37. Rh8+ Kd7 38. fxg4 a4 39. bxa4 Rxa4 40. h3 Rf4 41. Rb8 Kc6 42. Rg8 e5 43. Rxg6 e4+ 44. Ke2 e3 45. Rf1 Rxf1 46. Kxf1 Rh7 47. Re6 Rxh3 48. Kg2 Rh4 49. Kg3 Rh1 50. Rxe3 Rg1+ 51. Kf3 Kc5 52. Re2 b4 53. cxb4+ Kxb4 54. Rd2 Kc5 55. Kf4 d5 56. g5 d4 57. Kf5 Kd5 58. g6 Rf1+ 59. Kg5 Ke4 60. Rg2 Kf3 61. g7 Kxg2 62. g8Q Kf2 63. Qf7+ Ke2 64. Qc4+ d3 65. Qe4+ Kd2 66. b4 Re1 67. Qd4 Ke2 68. Qg4+ Kf2 69. Qf4+ Ke2 70. Qh2+ Kd1 71. Kf4 d2 72. Qh5+ Kc1 73. Qc5+ Kb1 74. Qf5+ Kc1 75. Qc5+ Kb1 76. Qf5+ Kc1 77. Qc5+ 1/2-1/2

[Event "Madrid Chamartin op 1st"]
[Site "Madrid"]
[Date "2012.09.09"]
[Round "1"]
[White "Cerrato Torrijos, Javier"]
[Black "Cerrato Torrijos, Maria"]
[Result "0-1"]
[WhiteElo "1718"]
[BlackElo "2120"]
[PlyCount "46"]
[EventDate "2012.09.09"]
[EventType "swiss"]
[EventRounds "9"]
[EventCountry "ESP"]
[SourceTitle "CBM 150 Extra"]
[Source "ChessBase"]
[SourceDate "2012.10.19"]
[SourceVersion "1"]
[SourceVersionDate "2012.10.19"]
[SourceQuality "1"]

1. e4 c5 2. Nf3 Nc6 3. d4 cxd4 4. Nxd4 g6 5. Nc3 Bg7 6. Be3 Nf6 7. f3 0-0 8. Qd2 d5 9. Nxc6 bxc6 10. 0-0-0 Be6 11. e5 Nd7 12. f4 Qa5 13. Kb1 f6 14. exf6 Nxf6 15. Ne2 Qxd2 16. Bxd2 Ne4 17. Be1 Rab8 18. Nd4 Bg4 19. Rd3 c5 20. h3 Bxd4 21. c3 Bf2 22. hxg4 Bxe1 23. Be2 Bxc3 0-1

[Event "ESP-ch (Women)"]
[Site "Salobrena"]
[Date "2012.08.04"]
[Round "7"]
[White "Cerrato Torrijos, Maria"]
[Black "Vega Gutierrez, Sabrina Neide"]
[Result "1/2-1/2"]
[WhiteElo "2114"]
[BlackElo "2355"]
[PlyCount "74"]
[EventDate "2012.07.30"]
[EventType "swiss"]
[EventRounds "7"]
[EventCountry "ESP"]
[SourceTitle "CBM 149 Extra"]
[Source "ChessBase"]
[SourceDate "2012.08.24"]
[SourceVersion "1"]
[SourceVersionDate "2012.08.24"]
[SourceQuality "1"]

1. e4 c5 2. Nc3 Nc6 3. Nf3 e6 4. d4 cxd4 5. Nxd4 Nf6 6. Nxc6 bxc6 7. e5 Nd5 8. Nxd5 cxd5 9. Bd3 Ba6 10. 0-0 Bxd3 11. cxd3 g6 12. Bd2 Bg7 13. d4 Qb6 14. Bc3 0-0 15. Qd2 Rfc8 16. Rfc1 Rab8 17. Rc2 d6 18. Rac1 Qa6 19. a3 dxe5 20. dxe5 Rc4 21. Bd4 Rbc8 22. Rxc4 Rxc4 23. Rxc4 Qxc4 24. g3 a6 25. Qc3 Qxc3 26. Bxc3 Kf8 27. Kf1 Ke8 28. Ke2 Kd7 29. Kd3 Kc6 30. a4 h5 31. b4 Bf8 32. f4 h4 33. g4 h3 34. g5 Be7 35. Bd2 Bd8 36. Be3 Be7 37. Bd2 Bd8 1/2-1/2

[Event "ESP-ch (Women)"]
[Site "Salobrena"]
[Date "2012.07.31"]
[Round "2"]
[White "Duarte Garcia, Pilar"]
[Black "Cerrato Torrijos, Maria"]
[Result "0-1"]
[WhiteElo "1684"]
[BlackElo "2114"]
[PlyCount "82"]
[EventDate "2012.07.30"]
[EventType "swiss"]
[EventRounds "7"]
[EventCountry "ESP"]
[SourceTitle "CBM 149 Extra"]
[Source "ChessBase"]
[SourceDate "2012.08.24"]
[SourceVersion "1"]
[SourceVersionDate "2012.08.24"]
[SourceQuality "1"]

1. d4 Nf6 2. g3 e6 3. c4 Bb4+ 4. Bd2 Qe7 5. a3 Bxd2+ 6. Qxd2 a5 7. Nc3 d6 8. Bg2 e5 9. Nf3 0-0 10. 0-0 Nbd7 11. b4 c6 12. e4 exd4 13. Qxd4 Ne5 14. Rab1 axb4 15. axb4 Bh3 16. Nxe5 dxe5 17. Qe3 Bxg2 18. Kxg2 Qe6 19. Qe2 Rfd8 20. Ra1 Qd6 21. Rxa8 Rxa8 22. b5 Qd4 23. Rc1 h6 24. f3 Qc5 25. Rb1 Ne8 26. Nd1 Nd6 27. bxc6 bxc6 28. Ne3 Ra3 29. Re1 Rc3 30. Qd2 Qa3 31. Nc2 Qb2 32. Re2 Nxc4 33. Qd8+ Kh7 34. Qd7 Ne3+ 35. Kh3 Rxc2 36. Rxe3 Rxh2+ 37. Kg4 h5+ 38. Kf5 Qa2 39. Kxe5 Rc2 40. Qf5+ g6 41. Qf6 Qb2+ 0-1

[Event "ESP-ch U18"]
[Site "Salobrena"]
[Date "2012.07.28"]
[Round "8"]
[White "Santos Ruiz, Miguel"]
[Black "Cerrato Torrijos, Maria"]
[Result "1-0"]
[WhiteElo "2106"]
[BlackElo "2114"]
[PlyCount "59"]
[EventDate "2012.07.23"]
[EventType "swiss"]
[EventRounds "9"]
[EventCountry "ESP"]
[SourceTitle "EXT 2014"]
[Source "ChessBase"]
[SourceDate "2013.11.20"]
[SourceVersion "1"]
[SourceVersionDate "2013.11.20"]
[SourceQuality "1"]

1. e4 c5 2. Nf3 g6 3. Bc4 Bg7 4. c3 Nc6 5. d4 cxd4 6. cxd4 d6 7. h3 Nf6 8. Nc3 0-0 9. Bb3 b6 10. 0-0 Ba6 11. Re1 Na5 12. Bc2 Rc8 13. Bd3 Bxd3 14. Qxd3 Qc7 15. Bg5 Qb7 16. Nd2 a6 17. Rac1 b5 18. b3 h6 19. Be3 Rc7 20. e5 dxe5 21. dxe5 Nd7 22. f4 Rfc8 23. Nde4 Nb6 24. Kh2 Rc6 25. Bxb6 Qxb6 26. Nd5 Qb7 27. Rcd1 Kf8 28. Qd2 b4 29. Nxb4 Re6 30. Qd8+ 1-0

[Event "ESP-ch U18"]
[Site "Salobrena"]
[Date "2012.07.27"]
[Round "7"]
[White "Cerrato Torrijos, Maria"]
[Black "Pardo Simon, David"]
[Result "0-1"]
[WhiteElo "2114"]
[BlackElo "2421"]
[PlyCount "74"]
[EventDate "2012.07.23"]
[EventType "swiss"]
[EventRounds "9"]
[EventCountry "ESP"]
[SourceTitle "EXT 2014"]
[Source "ChessBase"]
[SourceDate "2013.11.20"]
[SourceVersion "1"]
[SourceVersionDate "2013.11.20"]
[SourceQuality "1"]

1. Nf3 Nf6 2. c4 c5 3. Nc3 g6 4. d4 cxd4 5. Nxd4 Bg7 6. e4 d6 7. Be2 0-0 8. 0-0 a6 9. Be3 Nc6 10. Qd2 Bd7 11. Rad1 Rb8 12. a4 Ng4 13. Bxg4 Bxg4 14. f3 Bd7 15. Nd5 Nxd4 16. Bxd4 Bxd4+ 17. Qxd4 Bxa4 18. Rde1 Bc6 19. f4 b5 20. b3 bxc4 21. bxc4 Re8 22. Rb1 Bxd5 23. cxd5 Qc7 24. Rfc1 Rxb1 25. Rxb1 Rb8 26. Rxb8+ Qxb8 27. h4 a5 28. Qa4 Qa7+ 29. Kh2 Kg7 30. e5 Qf2 31. Kh3 dxe5 32. fxe5 Qf5+ 33. g4 Qf3+ 34. Kh2 Qxd5 35. Qf4 Qa2+ 36. Kg3 Qb3+ 37. Kh2 Qb4 0-1

[Event "Madrid-ch sf-B"]
[Site "Madrid"]
[Date "2012.03.23"]
[Round "2"]
[White "Cerrato Torrijos, Maria"]
[Black "Herranz Sanchez, Pablo"]
[Result "1-0"]
[WhiteElo "2101"]
[BlackElo "1661"]
[PlyCount "33"]
[EventDate "2012.03.22"]
[EventType "swiss"]
[EventRounds "9"]
[EventCountry "ESP"]
[SourceTitle "EXT 2013"]
[Source "ChessBase"]
[SourceDate "2012.11.22"]
[SourceVersion "1"]
[SourceVersionDate "2012.11.22"]
[SourceQuality "1"]

1. e4 c5 2. Nc3 Nc6 3. Nf3 e6 4. d4 cxd4 5. Nxd4 Nf6 6. Nxc6 bxc6 7. e5 Nd5 8. Nxd5 cxd5 9. Bd3 d6 10. Bf4 dxe5 11. Bxe5 Qg5 12. Bb5+ Bd7 13. Bxd7+ Kxd7 14. Qd4 Bc5 15. Qa4+ Ke7 16. Bg3 Bd6 17. Bh4 1-0

[Event "Madrid-ch U18"]
[Site "Madrid"]
[Date "2011.12.30"]
[Round "5"]
[White "Cerrato Torrijos, Maria"]
[Black "Madurga Lopez, Ignacio"]
[Result "1-0"]
[WhiteElo "2069"]
[BlackElo "2092"]
[PlyCount "53"]
[EventDate "2011.12.26"]
[EventType "swiss"]
[EventRounds "7"]
[EventCountry "ESP"]
[SourceTitle "EXT 2015"]
[Source "ChessBase"]
[SourceDate "2014.11.20"]
[SourceVersion "1"]
[SourceVersionDate "2014.11.20"]
[SourceQuality "1"]

1. e4 c5 2. Nc3 d6 3. Nge2 Nf6 4. d4 cxd4 5. Nxd4 a6 6. g3 e5 7. Nf5 d5 8. Bg5 d4 9. Bxf6 gxf6 10. Ne2 Bxf5 11. exf5 Qd5 12. Rg1 Nc6 13. Bg2 Qa5+ 14. Qd2 Qb6 15. 0-0-0 Rc8 16. Bxc6+ Rxc6 17. Kb1 Bb4 18. Qd3 0-0 19. g4 Bc3 20. Nxc3 dxc3 21. b3 Qxf2 22. g5 fxg5 23. Rxg5+ Kh8 24. Rdg1 Qc5 25. Qg3 Rcc8 26. Rg7 Qd6 27. Rxh7+ 1-0

[Event "Benidorm (Women)"]
[Site "Benidorm"]
[Date "2011.12.07"]
[Round "3"]
[White "Matnadze, Ana"]
[Black "Cerrato Torrijos, Maria"]
[Result "1-0"]
[WhiteElo "2438"]
[BlackElo "2069"]
[PlyCount "113"]
[EventDate "2011.12.05"]
[EventType "tourn"]
[EventRounds "9"]
[EventCountry "ESP"]
[SourceTitle "CBM 145 Extra"]
[Source "ChessBase"]
[SourceDate "2012.01.03"]
[SourceVersion "1"]
[SourceVersionDate "2012.01.03"]
[SourceQuality "1"]

1. d4 d5 2. g3 Nf6 3. Bg2 c5 4. c4 dxc4 5. Nf3 Nc6 6. Qa4 cxd4 7. Nxd4 Qxd4 8. Bxc6+ Bd7 9. Be3 Qxb2 10. Bxd7+ Nxd7 11. 0-0 e6 12. Rd1 b5 13. Qa6 Rd8 14. Nd2 Be7 15. Rab1 Qc2 16. Qxb5 0-0 17. Qxc4 Qxc4 18. Nxc4 Nc5 19. Rxd8 Rxd8 20. Na5 Bf8 21. Nc6 Ra8 22. Rc1 Ne4 23. Nxa7 Nf6 24. f3 Nd5 25. Bd4 h6 26. a4 Bb4 27. e4 Nc3 28. Bxc3 Bxc3 29. Rxc3 Rxa7 30. Ra3 Ra5 31. Kf2 Kf8 32. Ke3 Ke7 33. Kd4 Kd6 34. Kc4 Kc6 35. Kb4 Ra7 36. a5 Rb7+ 37. Kc4 Ra7 38. f4 Rd7 39. a6 Ra7 40. g4 Kb6 41. f5 exf5 42. gxf5 Rc7+ 43. Kd5 Ka7 44. e5 Rc2 45. e6 fxe6+ 46. fxe6 Re2 47. h3 g5 48. Kd6 h5 49. e7 Rd2+ 50. Ke6 Re2+ 51. Kf6 g4 52. h4 Re1 53. Ra5 g3 54. Rg5 Kxa6 55. Rxg3 Rf1+ 56. Kg7 Re1 57. Rg6+ 1-0

[Event "Benidorm (Women)"]
[Site "Benidorm"]
[Date "2011.12.06"]
[Round "2"]
[White "Cerrato Torrijos, Maria"]
[Black "Aghabekian, Liana"]
[Result "1-0"]
[WhiteElo "2069"]
[BlackElo "2115"]
[PlyCount "151"]
[EventDate "2011.12.05"]
[EventType "tourn"]
[EventRounds "9"]
[EventCountry "ESP"]
[SourceTitle "CBM 145 Extra"]
[Source "ChessBase"]
[SourceDate "2012.01.03"]
[SourceVersion "1"]
[SourceVersionDate "2012.01.03"]
[SourceQuality "1"]

1. e4 e5 2. Nf3 Nc6 3. Bc4 Be7 4. 0-0 Nf6 5. d3 d6 6. Re1 0-0 7. a4 h6 8. a5 a6 9. c3 Nh7 10. Nbd2 Kh8 11. d4 Bf6 12. d5 Ne7 13. Nf1 Ng8 14. Bd3 g6 15. c4 Bg7 16. c5 f5 17. cxd6 cxd6 18. N3d2 f4 19. Nc4 f3 20. gxf3 Bh3 21. Ng3 h5 22. Bf1 Bxf1 23. Nxf1 Bh6 24. Bxh6 Nxh6 25. Nfd2 Ng5 26. Qb3 Nh3+ 27. Kf1 Nf4 28. Rec1 Rc8 29. Ke1 Rc5 30. Kd1 Rb5 31. Qe3 Nf7 32. Kc2 Qh4 33. Kb1 Rc8 34. Ka2 Nh3 35. Rg1 Kg7 36. Rg3 Nf4 37. Ka3 Qxh2 38. b4 Qh4 39. Ka4 Qd8 40. Na3 Qc7 41. Rgg1 Qd7 42. Kb3 h4 43. Nxb5 Qxb5 44. Rac1 Rxc1 45. Rxc1 h3 46. Nf1 Nd3 47. Rc4 Nc5+ 48. Kc3 Na4+ 49. Kb3 Nb2 50. Rc1 Nd3 51. Rb1 Qxb4+ 52. Kc2 Qc4+ 53. Kd1 Nb4 54. Nd2 Qc2+ 55. Ke2 Na2 56. Kf1 Nc3 57. Re1 Nd1 58. Qb3 Qxd2 59. Qxd1 Qxa5 60. Kg1 Qd8 61. Kh2 Qd7 62. Rg1 b5 63. Rg3 Qa7 64. Qg1 g5 65. Rxh3 b4 66. Kg2 a5 67. Qh1 Qc5 68. Rh7+ Kf8 69. Qh5 Qc7 70. Qg6 Qe7 71. Qg7+ Ke8 72. Qg6 b3 73. Rh8+ Kd7 74. Qf5+ Kc7 75. Qc8+ Kb6 76. Qc6+ 1-0

[Event "Madrid Oliver Gonzalez Memorial 2nd"]
[Site "Madrid"]
[Date "2011.10.09"]
[Round "3"]
[White "Alvarez Escudero, Manuel"]
[Black "Cerrato Torrijos, Maria"]
[Result "0-1"]
[WhiteElo "1874"]
[BlackElo "2097"]
[PlyCount "98"]
[EventDate "2011.10.08"]
[EventType "swiss"]
[EventRounds "9"]
[EventCountry "ESP"]
[SourceTitle "CBM 144 Extra"]
[Source "ChessBase"]
[SourceDate "2011.10.28"]
[SourceVersion "1"]
[SourceVersionDate "2011.10.28"]
[SourceQuality "1"]

1. e4 c5 2. Nf3 d6 3. b3 Nf6 4. Nc3 g6 5. Bb5+ Nbd7 6. e5 dxe5 7. Nxe5 Bg7 8. Bb2 a6 9. Nxd7 Nxd7 10. Bxd7+ Bxd7 11. Na4 Bxb2 12. Nxb2 Bc6 13. Qg4 Qd5 14. 0-0-0 Qxg2 15. Qxg2 Bxg2 16. Rhg1 Bc6 17. d4 cxd4 18. Rxd4 Rd8 19. Rxd8+ Kxd8 20. Nd3 Kc7 21. Re1 Re8 22. Ne5 Bd5 23. c4 Be6 24. Re3 Rd8 25. Rd3 Rxd3 26. Nxd3 Bf5 27. Ne5 f6 28. Nf3 e5 29. Kd2 Kd6 30. b4 Bg4 31. Ne1 e4 32. Ke3 Ke5 33. a4 Be6 34. f4+ Kf5 35. c5 Bd7 36. a5 Ba4 37. Ng2 Kg4 38. Kf2 f5 39. h3+ Kxh3 40. Ne3 h5 41. Nc4 Kg4 42. Ke3 h4 43. Ne5+ Kg3 44. Nxg6 h3 45. Ne7 h2 46. Nxf5+ Kh3 47. Nd6 h1Q 48. Nxe4 Qe1+ 49. Kd4 Qxb4+ 0-1

[Event "EU-ch U16 Girls"]
[Site "Albena"]
[Date "2011.09.18"]
[Round "7"]
[White "Osmanodja, Filiz"]
[Black "Cerrato Torrijos, Maria"]
[Result "1-0"]
[WhiteElo "2039"]
[BlackElo "2097"]
[PlyCount "63"]
[EventDate "2011.09.11"]
[EventType "swiss"]
[EventRounds "9"]
[EventCountry "BUL"]
[SourceTitle "CBM 144 Extra"]
[Source "ChessBase"]
[SourceDate "2011.10.28"]
[SourceVersion "1"]
[SourceVersionDate "2011.10.28"]
[SourceQuality "1"]

1. e4 c5 2. Nf3 Nc6 3. d4 cxd4 4. Nxd4 g6 5. Nc3 Bg7 6. Be3 Nf6 7. Bc4 0-0 8. Bb3 Ng4 9. Qxg4 Nxd4 10. Qd1 Nc6 11. Qd2 d6 12. Bh6 Qa5 13. h4 Be6 14. h5 Bxb3 15. Bxg7 Kxg7 16. hxg6 hxg6 17. Qh6+ Kf6 18. Qf4+ Ke6 19. cxb3 Ne5 20. 0-0-0 Rh8 21. Qg3 Rxh1 22. Rxh1 Kd7 23. f4 Nc6 24. Qg4+ e6 25. Rh7 Nd8 26. Qxg6 Rc8 27. f5 e5 28. Rxf7+ Nxf7 29. Qxf7+ Kc6 30. g4 Kb6 31. Kb1 a6 32. b4 1-0

[Event "EU-ch U16 Girls"]
[Site "Albena"]
[Date "2011.09.15"]
[Round "5"]
[White "Eid, Maha"]
[Black "Cerrato Torrijos, Maria"]
[Result "1/2-1/2"]
[WhiteElo "2081"]
[BlackElo "2097"]
[PlyCount "126"]
[EventDate "2011.09.11"]
[EventType "swiss"]
[EventRounds "9"]
[EventCountry "BUL"]
[SourceTitle "CBM 144 Extra"]
[Source "ChessBase"]
[SourceDate "2011.10.28"]
[SourceVersion "1"]
[SourceVersionDate "2011.10.28"]
[SourceQuality "1"]

1. d4 d5 2. Nf3 Nf6 3. g3 e6 4. Bg2 Be7 5. 0-0 0-0 6. c4 dxc4 7. Qa4 Qd5 8. Nc3 Qc6 9. Qc2 Qa6 10. Ne5 c5 11. dxc5 Nbd7 12. Nxd7 Bxd7 13. Bg5 Rac8 14. Rfd1 Bc6 15. Ne4 Bxe4 16. Bxe4 Rxc5 17. Bxf6 Bxf6 18. Bxh7+ Kh8 19. Be4 Qb5 20. Rab1 g6 21. Qd2 Kg7 22. Qe3 Rh8 23. a4 Qb4 24. Rd7 Re5 25. Qxa7 Rxe4 26. Rxb7 Qf8 27. Rd1 Qe8 28. Rdd7 Rf8 29. e3 Re5 30. Rdc7 Rd5 31. Rxc4 Qd8 32. Rc1 Ra5 33. Qb6 Qxb6 34. Rxb6 Rxa4 35. Rb7 Raa8 36. Rcc7 Be5 37. Rd7 Rab8 38. Kf1 Rxb7 39. Rxb7 Rb8 40. Rxb8 Bxb8 41. Ke2 Kf6 42. f4 Ke7 43. e4 Kf6 44. Kf3 e5 45. Kg4 Bd6 46. h4 Kg7 47. Kg5 f6+ 48. Kg4 Kh6 49. f5 g5 50. hxg5+ fxg5 51. b3 Bb4 52. Kh3 Kg7 53. Kg4 Kf6 54. Kh5 Be7 55. Kh6 Bf8+ 56. Kh5 Bb4 57. Kh6 Bd6 58. Kh5 Bf8 59. Kg4 Bb4 60. Kh5 Bd2 61. Kh6 Be1 62. g4 Bb4 63. Kh7 Bc5 1/2-1/2

[Event "ESP-ch (Women)"]
[Site "Padron"]
[Date "2011.08.02"]
[Round "3"]
[White "Cerrato Torrijos, Maria"]
[Black "Nieto Asencio, Maria del Carmen"]
[Result "0-1"]
[WhiteElo "2124"]
[BlackElo "2034"]
[PlyCount "70"]
[EventDate "2011.08.01"]
[EventType "swiss"]
[EventRounds "7"]
[EventCountry "ESP"]
[SourceTitle "CBM 143 Extra"]
[Source "ChessBase"]
[SourceDate "2011.08.29"]
[SourceVersion "1"]
[SourceVersionDate "2011.08.29"]
[SourceQuality "1"]

1. e4 c5 2. Nf3 g6 3. d4 cxd4 4. Qxd4 Nf6 5. e5 Nc6 6. Qa4 Nd5 7. Qe4 Nc7 8. Nc3 Ne6 9. h4 h5 10. Nd5 Bg7 11. Bd2 d6 12. Bc3 0-0 13. 0-0-0 Nc7 14. exd6 exd6 15. Bxg7 Kxg7 16. Nd4 Re8 17. Nxc6 bxc6 18. Qd4+ f6 19. Nxc7 Qxc7 20. Qxd6 Qb6 21. Bc4 Bf5 22. Rhe1 Qxf2 23. Re7+ Kh6 24. Bb3 Rad8 25. Qxd8 Rxd8 26. Rxd8 Qxh4 27. a4 Qh1+ 28. Rd1 Qxg2 29. Rxa7 h4 30. Re7 h3 31. Ree1 h2 32. a5 c5 33. Ba4 Be4 34. a6 Kg5 35. a7 Bf3 0-1

[Event "ESP-ch (Women)"]
[Site "Padron"]
[Date "2011.08.02"]
[Round "2"]
[White "Pablos Tenrero, Raquel"]
[Black "Cerrato Torrijos, Maria"]
[Result "1/2-1/2"]
[WhiteElo "1971"]
[BlackElo "2124"]
[PlyCount "84"]
[EventDate "2011.08.01"]
[EventType "swiss"]
[EventRounds "7"]
[EventCountry "ESP"]
[SourceTitle "CBM 143 Extra"]
[Source "ChessBase"]
[SourceDate "2011.08.29"]
[SourceVersion "1"]
[SourceVersionDate "2011.08.29"]
[SourceQuality "1"]

1. e4 e6 2. d4 d5 3. Nc3 Nf6 4. Bg5 Bb4 5. exd5 Qxd5 6. Bxf6 gxf6 7. Nge2 Nc6 8. Qd2 Bxc3 9. Nxc3 Qxd4 10. Qxd4 Nxd4 11. 0-0-0 Nc6 12. Nb5 Ke7 13. Nxc7 Rb8 14. Nb5 a6 15. Nc3 b5 16. Ne4 Nb4 17. a3 Nd5 18. Nc5 Rb6 19. g3 Rc6 20. b4 Rc7 21. Bg2 Nb6 22. Rd3 Nd7 23. Nxd7 Bxd7 24. Rhd1 Rhc8 25. R1d2 Be8 26. g4 Rc4 27. h3 Bc6 28. Bxc6 R8xc6 29. Rd7+ Kf8 30. Ra7 Kg7 31. Rdd7 Rxc2+ 32. Kd1 Rxf2 33. Rxf7+ Kg6 34. Rg7+ Kh6 35. h4 f5 36. Rxh7+ Kg6 37. g5 f4 38. Rh6+ Kf5 39. Rf7+ Kg4 40. g6 Rcc2 41. g7 Rcd2+ 42. Kc1 Rc2+ 1/2-1/2